000 00194nam a2200085Ia 4500
008 230915s9999 xx 000 0 und d
050 _aSB107 .L46 2006
245 0 _aCOMMERCIAL CROPS
942 _cBK
999 _c201676
_d201676